00568nam a2200205Ia 450000500170000000800410001702000150005808200130007310000200008624500540010625000090016026000340016930000160020365000080021965000080022765000110023594200060024695200950025299900150034720240530065053.0240331s9999 xx 000 0 und d a8187380918 bNARa340 aNarrain, Arvind 0aQueer :bdespised sexuality law and social change a1 st aIndiabBooks for Changec2004 ax, 136 p ., aSex aLaw aSocial cL 001040708LaWERCLbWERCLcSSCd2024-03-31l0o 340 NARp5481r2024-03-31w2024-03-31yL c2837d2837